000 00879nam a2200205 a 4500
999 _c461
_d461
001 461
003 CDMR
005 20241126134123.0
008 130130s1948||||||||||||||||||||||||||||d
022 _a2483-5544
040 _aCDMR
_bcat
_cCDMR
110 2 _aAssociació de la Premsa de Barcelona
_939
245 1 0 _aCircular
_c / Asociación de la Prensa de Barcelona
260 _aBarcelona :
_bl'Associació,
_c1948-1973
362 _aNo. 1 (jul. 1948)-no. 142 (enero/feb. 1973)
500 _aRecull de les circulars de l'Asociación de la Prensa de Barcelona.
505 _aConté: 1.- Circular nº 1-34 (1948-53) ; 2.- Circular nº 35-73 (1954-59) ; 3.- Circular nº 74-103 (1960-65) ; 4.- Circular nº 104-129 (1966-70) ; 5.- Circular nº130-141 (1971-72)
856 _uhttps://arca.bnc.cat/arcabib_pro/ca/consulta/registro.do?id=2740
_zAccés lliure (ARCA)
942 _cRES
_2udc